Service Management and Marketing : Managing the Service Profit Logic. (Record no. 2688)

MARC details
005 - DATE AND TIME OF LATEST TRANSACTION
control field 20250526161148.0
020 ## - INTERNATIONAL STANDARD BOOK NUMBER
International Standard Book Number 978-1-118-92144-9
082 ## - DEWEY DECIMAL CLASSIFICATION NUMBER
Classification number 658.8 GRO
100 ## - MAIN ENTRY--PERSONAL NAME
Author name GRONROOS, C.
245 ## - TITLE STATEMENT
Title Service Management and Marketing : Managing the Service Profit Logic.
250 ## - EDITION STATEMENT
Edition statement 4th Ed
260 ## - PUBLICATION, DISTRIBUTION, ETC.
Place of publication, distribution, etc. United Kingdom,
Name of publisher, distributor, etc. John Wiley & Sons,
Date of publication, distribution, etc. 2015.
300 ## - PHYSICAL DESCRIPTION
Extent ix, 522p.: ill.; figure, table
Other physical details Index
Dimensions 24cm.
942 ## - ADDED ENTRY ELEMENTS (KOHA)
Source of classification or shelving scheme Dewey Decimal Classification
Koha item type Books
Holdings
Date last seen Total checkouts Full call number Barcode Cost, replacement price Price effective from Koha item type Lost status Source of classification or shelving scheme Damaged status Not for loan Withdrawn status Home library Current library Shelving location Date acquired Cost, normal purchase price
05/26/2025   658.8 GRO 00000010110 265782.00 05/26/2025 Books   Dewey Decimal Classification       College of Business Education Main Library College of Business Education Main Library General Collection 08/07/2016 88594.00
05/26/2025   658.8 GRO 00000010111 265782.00 05/26/2025 Books   Dewey Decimal Classification       College of Business Education Main Library College of Business Education Main Library General Collection 08/07/2016 88594.00
05/26/2025   658.8 GRO 00000010112 265782.00 05/26/2025 Books   Dewey Decimal Classification       College of Business Education Main Library College of Business Education Main Library General Collection 08/07/2016 88594.00
05/26/2025   658.8 GRO 00000010113 265782.00 05/26/2025 Books   Dewey Decimal Classification       College of Business Education Main Library College of Business Education Main Library General Collection 08/07/2016 88594.00
05/26/2025   658.8 GRO 00000010114 265782.00 05/26/2025 Books   Dewey Decimal Classification       College of Business Education Main Library College of Business Education Main Library General Collection 08/07/2016 88594.00
05/26/2025   658.8 GRO 00000010115 265782.00 05/26/2025 Books   Dewey Decimal Classification       College of Business Education Main Library College of Business Education Main Library General Collection 08/07/2016 88594.00